NLSUI OPAC header image

Access-right : (Record no. 29967)

MARC details
000 -LEADER
fixed length control field 01019cam a2200217 a 4500
003 - CONTROL NUMBER IDENTIFIER
control field OSt
005 - DATE AND TIME OF LATEST TRANSACTION
control field 20260402142428.0
008 - FIXED-LENGTH DATA ELEMENTS--GENERAL INFORMATION
fixed length control field 100507s2011 enka b 001 0 eng
020 ## - INTERNATIONAL STANDARD BOOK NUMBER
International Standard Book Number 9780199734078 (hbk)
082 00 - DEWEY DECIMAL CLASSIFICATION NUMBER
Classification number 346.0482 EFR
100 1# - MAIN ENTRY--PERSONAL NAME
Personal name Efroni, Zohar
245 10 - TITLE STATEMENT
Title Access-right :
Remainder of title the future of digital copyright law /
Statement of responsibility, etc. Zohar Efroni
260 ## - PUBLICATION, DISTRIBUTION, ETC.
Place of publication, distribution, etc. New York :
Name of publisher, distributor, etc. Oxford University Press,
Date of publication, distribution, etc. 2011.
300 ## - PHYSICAL DESCRIPTION
Extent xxiv, 608 p. :
Dimensions 24 cm.
365 ## - TRADE PRICE
Price amount Rs. 5187.00
505 ## - FORMATTED CONTENTS NOTE
Formatted contents note Contents:<br/>Part 1. Information, property, access;<br/>1. Information;<br/>2. Property and property rights;<br/>3. Access;<br/>Part 2. Digital reproduction, digital communication, and anticircumvention law;<br/>4. The digital reproduction right;<br/>5. The digital communication right;<br/>6. Anticircumvention laws;<br/>Part 3. The present and future of the access-right.<br/>7. The present;<br/>8. The future.
650 #0 - SUBJECT ADDED ENTRY--TOPICAL TERM
Topical term or geographic name entry element Copyright, International.
650 #0 - SUBJECT ADDED ENTRY--TOPICAL TERM
Topical term or geographic name entry element Electronic publishing
General subdivision Law and legislation.
650 #0 - SUBJECT ADDED ENTRY--TOPICAL TERM
Topical term or geographic name entry element Fair use (Copyright)
942 ## - ADDED ENTRY ELEMENTS (KOHA)
Source of classification or shelving scheme Dewey Decimal Classification
Koha item type BOOKs
Holdings
Withdrawn status Lost status Damaged status Not for loan Home library Current library Shelving location Date acquired Cost, normal purchase price Total Checkouts Full call number Barcode Date last seen Price effective from Koha item type
        . . General Stacks 30.05.2017 5187.00   346.0482 EFR 27320 30.05.2017 30.05.2017 BOOKs